zpět

Detail výsledku týmu

U Dvou dobráků PO, Opava

Datum a čas kvízu

34 Celkem bodů Celkový počet nahraných bodů na tomto kvízu bez doplňovacích otázek.
1. Pořadí na kvízu Konečné umístění týmu na tomto kvízu.

Zaznamenané odpovědi

# Otázka Odpověď Body Výsledky
1. Smutné 70. výročí justiční vra... O2 1
2. Sociálními sítěmi koluje video... sex (na zadních sedadlech) 1
3. Do českých kin se ve čtvrtek k... Václav Postránecký 1
4. Předseda vlády Andrej Babiš zi... motýle 1
5. Kolikátý titul mistrů Českoslo... 20. titul 1
6. Toto téma jste si vybrali na n... Kmeny 1
7. Co je primárně typické pro ski... B 1
8. V roce 1941 byla vydána kniha... Eduard Bass 1
9. V lidském společenství najdeme... ektomorf, endomorf, mezomorf 1
10. Z příslušníků subkultury výcho... gopnik 1